000 00520nam a2200157Ia 4500
008 120827t1985 xxu||||| |||| 00| 0 sin d
041 _asin
080 _a8 S. 03 : 8 S - 32
_bMAG
245 _aමගේ පරෙයි කුඩුව හා වෙනත් ශ්‍රේෂ්ඨ කෙටි කතා
246 _aMage Parei Kuduwa Ha Wenath Sreshta Keti Katha
260 _aM. D. Gunasena
_aColombo
_c1985
300 _b103p, 21 cm
942 _cBK
999 _c39784
_d39784
003 LK-CoDNM
040 _aLK-CoDNM
_dLK-CoDNM
_eLK-CoDNM